ا قبا ل کے فکر و فن کا گر ا ف (تنقيد) (Record no. 183316)

MARC details
000 -LEADER
fixed length control field 00667nam a22001937a 4500
005 - DATE AND TIME OF LATEST TRANSACTION
control field 20211222164416.0
010 ## - LCCN (DPL NO)
LC control number UR-11382
020 ## - INTERNATIONAL STANDARD BOOK NUMBER
Terms of availability 125.00
International Standard Book Number 9789391238704
035 ## - SYSTEM CONTROL NUMBER
System control number U-9937
037 ## - SOURCE OF ACQUISITION
Source of stock number/acquisition DBAD/PUB
Stock number -
082 ## - DEWEY DECIMAL CLASSIFICATION NUMBER
Classification number 808.88
100 ## - MAIN ENTRY--PERSONAL NAME
Personal name ر ؤ ف خير
245 ## - TITLE STATEMENT
Title ا قبا ل کے فکر و فن کا گر ا ف (تنقيد)
Statement of responsibility, etc ر ؤ ف خير
246 ## - VARYING FORM OF TITLE
Remainder of title Iqbal Ke Fikr-o-Fun Ka Graph (Urdu)
Title proper/short title by Raof Khair
260 ## - PUBLICATION, DISTRIBUTION, ETC. (IMPRINT)
Place of publication, distribution, etc Delhi
Name of publisher, distributor, etc Educational Publishing House
Date of publication, distribution, etc 2021 ء
270 ## - ADDRESS
Address 3191,vakil Street, Kucha Pandit,Lal Kuan,
City Delhi
Postal code 110006
Telephone number 23216162
Fax number -
300 ## - PHYSICAL DESCRIPTION
Extent 236 ص
Dimensions 22 Cm(Hb)
942 ## - ADDED ENTRY ELEMENTS (KOHA)
Source of classification or shelving scheme Dewey Decimal Classification
Item type Urdu Bks
Classification part 808.88
Call number suffix ر ؤ ف
Holdings
Withdrawn status Lost status Not for loan Collection code Home library Current library Date acquired Source of acquisition Cost, normal purchase price Full call number Barcode Copy number Cost, replacement price Koha item type
    Not For Loan Non-fiction D.B.Act.Division Central Library 22/12/2021 DBAD/PUB 300.00 808.88 ر ؤ ف U-9937 1 300.00 Urdu Bks

© Delhi Public Library
Hit Counter
free hit counter